La literatura infantil: ensayo sobre ética, estética y psicopedagogía de la literatura infantil

সংরক্ষণ করুন:
গ্রন্থ-পঞ্জীর বিবরন
প্রধান লেখক: Sosa, Jesualdo (Author)
বিন্যাস: গ্রন্থ
ভাষা:স্প্যানিশ
প্রকাশিত: Buenos Aires Losada 1944
মালা:Publicaciones de la revista de pedagogía. La escuela activa, 12
বিষয়গুলি:
ট্যাগগুলো: ট্যাগ যুক্ত করুন
কোনো ট্যাগ নেই, প্রথমজন হিসাবে ট্যাগ করুন!

MARC

LEADER 00000nam a2200000 a 4500
001 UCZ0784
003 CL-VaPUC
008 950809e19440000AG |||||||||||||||||spa|d
082 0 4 |a 808.068  |b JES  |2 21 
100 |a Sosa, Jesualdo  |e author  |9 319134 
245 1 3 |a La literatura infantil: ensayo sobre ética, estética y psicopedagogía de la literatura infantil 
300 |a 283 p 
942 |c BK 
945 |d 19950809 00:00:00  |a cmena 
260 |a Buenos Aires  |b Losada  |c 1944 
650 0 |a Literatura infantil   |9 307465 
650 0 |a Ética  |9 255099 
650 0 |a Estética   |9 264950 
650 0 |a Psicología educacional   |9 307830 
650 0 |a Enseñanza  |9 256457 
650 0 |a Filosofía de la educación   |9 258384 
650 0 |a Psicología del niño  |9 307305 
650 0 |a Cuentos de hadas  |9 308782 
650 7 |a FABULAS  |2 CL-VaPUC  |9 344051 
650 0 |a Desarrollo mental   |9 313003 
650 0 |a Poesía   |9 265825 
583 |a last modification  |c 19950809 00:00:00  |k Rodrigo Vera 
490 0 |a Publicaciones de la revista de pedagogía. La escuela activa, 12 
999 |c 237690  |d 237688 
952 |0 0  |1 0  |4 0  |6 808_068000000000000_JES_1944  |7 0  |8 P  |9 247298  |a BIBEDU  |b BIBEDU  |c BIBEDU_PB  |d 2019-11-18  |i 1555383  |o 808.068 JES 1944  |p 1555383  |r 2024-01-25  |w 2019-11-18  |y BK  |k EDU